000 00415nam a22001577a 4500
003 OSt
005 20160426084153.0
008 160426b xxu||||| |||| 00| 0 eng d
040 _aSEKU
050 _aQA 169
_b.B3
245 _aPrinciples of Mathematics /
_cedited by Baker, Paul L.
300 _a294 p.
500 _aincludes bibliographical references
650 _aMathematics
_xPhilosophy.
942 _2lcc
_cGEN
999 _c13007
_d13007